| 000 | 00427nam a2200121Ia 4500 | ||
|---|---|---|---|
| 008 | 220615s9999||||xx |||||||||||||| ||und|| | ||
| 245 | 0 | _aCrisis Narratives in International Law | |
| 546 | _aEnglish[eng] | ||
| 650 | _aInternational law||Public international law | ||
| 700 | _aMoïse Mbengue, Makane||d’Aspremont, Jean | ||
| 856 | _uhttps://library.oapen.org/bitstream/20.500.12657/53846/1/9789004472365.pdf | ||
| 942 | _cEB | ||
| 999 |
_c8723 _d8723 |
||